00597pam a2200181 a 4500020003200000040000800032082002600040100002400066245003600090250001200126260004800138300004000186500004100226650002000267650001200287856006200299856005400361 a0070487782 (acidfree paper) cDLC00a338 IRW 1988 A012 Or.1 aPashigian, B. Peter10aPrice theory and applications / a2nd ed. aBoston, Mass. :bIrwin/McGraw-Hill,cc1998. axxii, 762 p. :bcol. ill. ;c25 cm. a"International edition"--T.p. verso. 0aMicroeconomics. 0aPrices.42uhttp://www.loc.gov/catdir/description/mh022/97001282.html41uhttp://www.loc.gov/catdir/toc/mh022/97001282.html